[Event "SVK-ch U18/20"]
[Site "Liptovsky Mikulas"]
[Date "2019.04.25"]
[Round "4"]
[White "Kostolanyi, Simon"]
[Black "Sivcak, Matej"]
[Result "0-1"]
[WhiteElo "1712"]
[BlackElo "1901"]
[PlyCount "48"]
[EventDate "2019.04.23"]
[EventType "swiss"]
[EventRounds "9"]
[EventCountry "SVK"]
[SourceTitle "CBM 190 Extra"]
[Source "ChessBase"]
[SourceDate "2019.07.15"]
[SourceVersion "1"]
[SourceVersionDate "2019.07.15"]
[SourceQuality "1"]

1. e4 Nf6 2. e5 Nd5 3. d4 d6 4. c4 Nb6 5. exd6 cxd6 6. Nc3 g6 7. Be3 Bg7 8. Rc1 Nc6 9. b3 0-0 10. Nf3 e5 11. dxe5 dxe5 12. Be2 Qe7 13. Qc2 Bf5 14. Ne4 Nd4 15. Bxd4 exd4 16. Bd3 Bxe4 17. Bxe4 f5 18. 0-0 fxe4 19. Rfe1 Rae8 20. Nd2 d3 21. Qd1 Rxf2 22. Nxe4 Re2 23. c5 Qxe4 24. Rxe2 dxe2 0-1

[Event "SVK-ch U18/20"]
[Site "Liptovsky Mikulas"]
[Date "2019.04.23"]
[Round "1"]
[White "Panko, Eduard1111"]
[Black "Kostolanyi, Simon"]
[Result "1-0"]
[WhiteElo "1991"]
[BlackElo "1712"]
[PlyCount "65"]
[EventDate "2019.04.23"]
[EventType "swiss"]
[EventRounds "9"]
[EventCountry "SVK"]
[SourceTitle "CBM 190 Extra"]
[Source "ChessBase"]
[SourceDate "2019.07.15"]
[SourceVersion "1"]
[SourceVersionDate "2019.07.15"]
[SourceQuality "1"]

1. f4 Nc6 2. Nf3 d6 3. d4 Nf6 4. e3 a6 5. Bd3 g6 6. 0-0 Bg7 7. c3 e5 8. Qc2 0-0 9. b3 Re8 10. Nbd2 Qe7 11. fxe5 dxe5 12. Ne4 exd4 13. Nxf6+ Qxf6 14. exd4 Qd6 15. Qf2 Be6 16. Bb2 Rad8 17. Rad1 Ne7 18. Ng5 Nf5 19. Nxe6 fxe6 20. Rde1 b5 21. Bc1 Rd7 22. Bxf5 gxf5 23. Bf4 Qd5 24. Qg3 Ree7 25. Re5 Qa8 26. Rfe1 Kf7 27. Rc5 c6 28. Qf3 Rd5 29. b4 Rxc5 30. bxc5 Qe8 31. Bd6 Kg8 32. Bxe7 Qxe7 33. Qxc6 1-0

[Event "SVK-chT2B 1819"]
[Site "Slovakia"]
[Date "2019.04.06"]
[Round "10.5"]
[White "Kostolanyi, Simon"]
[Black "Petras, Karol"]
[Result "0-1"]
[WhiteElo "1712"]
[BlackElo "1867"]
[PlyCount "44"]
[EventDate "2018.10.13"]
[EventType "team-tourn"]
[EventRounds "11"]
[EventCountry "SVK"]
[SourceTitle "EXT 2020"]
[Source "ChessBase"]
[SourceDate "2019.10.17"]
[SourceVersion "1"]
[SourceVersionDate "2019.10.17"]
[SourceQuality "1"]
[WhiteTeam "Levice"]
[BlackTeam "Surany"]
[WhiteTeamCountry "SVK"]
[BlackTeamCountry "SVK"]

1. e4 e6 2. d4 d5 3. exd5 exd5 4. Nf3 Nf6 5. Bd3 Bd6 6. Nc3 0-0 7. 0-0 h6 8. Re1 Bg4 9. Nb5 Nc6 10. h3 Bh5 11. Nxd6 Qxd6 12. c3 Rfe8 13. Rxe8+ Rxe8 14. Be3 Nd8 15. g4 Rxe3 16. fxe3 Qg3+ 17. Kf1 Qxh3+ 18. Ke2 Qg2+ 19. Ke1 Bxg4 20. Be2 Ne4 21. Qd3 Qg3+ 22. Kd1 Nf2+ 0-1

[Event "Levice op"]
[Site "Levice"]
[Date "2018.08.04"]
[Round "4"]
[White "Solcan, Martin"]
[Black "Kostolanyi, Simon"]
[Result "1-0"]
[WhiteElo "1811"]
[BlackElo "1206"]
[PlyCount "75"]
[EventDate "2018.08.02"]
[EventType "swiss"]
[EventRounds "7"]
[EventCountry "SVK"]
[SourceTitle "CBM 185 Extra"]
[Source "ChessBase"]
[SourceDate "2018.07.29"]
[SourceVersion "1"]
[SourceVersionDate "2018.07.29"]
[SourceQuality "1"]

1. e4 e5 2. d4 exd4 3. c3 dxc3 4. Bc4 cxb2 5. Bxb2 d6 6. Nf3 Be6 7. Bxe6 fxe6 8. Qb3 Nf6 9. Ng5 b6 10. 0-0 Qd7 11. Nxe6 Nc6 12. Qc4 Rc8 13. Rc1 Ke7 14. Nxf8 Rhxf8 15. Qxc6 Qxc6 16. Bxf6+ Kd7 17. Rxc6 Kxc6 18. Bxg7 Rg8 19. Bd4 Rg5 20. Nd2 a5 21. f4 Rb5 22. g4 Kd7 23. g5 Rf8 24. Be3 d5 25. Rd1 d4 26. Nb3 c5 27. f5 Ke7 28. Bf4 Rg8 29. h4 d3 30. f6+ Ke8 31. e5 c4 32. e6 Kd8 33. Nd4 Rc5 34. f7 Rh8 35. Bd6 Rd5 36. Nc6+ Kc8 37. Ne7+ Kb7 38. Nxd5 1-0

[Event "Levice op"]
[Site "Levice"]
[Date "2018.08.03"]
[Round "3"]
[White "Kostolanyi, Simon"]
[Black "Sevcik, Peter"]
[Result "1-0"]
[WhiteElo "1206"]
[BlackElo "1640"]
[PlyCount "63"]
[EventDate "2018.08.02"]
[EventType "swiss"]
[EventRounds "7"]
[EventCountry "SVK"]
[SourceTitle "CBM 185 Extra"]
[Source "ChessBase"]
[SourceDate "2018.07.29"]
[SourceVersion "1"]
[SourceVersionDate "2018.07.29"]
[SourceQuality "1"]

1. e4 d6 2. d4 Nd7 3. Bc4 e6 4. Nc3 a6 5. f4 Ne7 6. Nf3 Nb6 7. Bb3 d5 8. e5 Nf5 9. g4 Nh4 10. Rg1 Nxf3+ 11. Qxf3 Qh4+ 12. Rg3 Qd8 13. f5 Be7 14. Be3 Bh4 15. 0-0-0 Bxg3 16. hxg3 Bd7 17. g5 exf5 18. Nxd5 Bc6 19. c4 Nxd5 20. cxd5 Bd7 21. e6 fxe6 22. dxe6 Bc6 23. d5 Bb5 24. a4 Qd6 25. axb5 axb5 26. Qxf5 Rf8 27. Qxh7 Qxg3 28. Bc5 Ra1+ 29. Kc2 Rxd1 30. Qg6+ Kd8 31. e7+ Kd7 32. Qe6+ 1-0

[Event "Levice op"]
[Site "Levice"]
[Date "2018.08.03"]
[Round "2"]
[White "Mizicka, Matus"]
[Black "Kostolanyi, Simon"]
[Result "1-0"]
[WhiteElo "1851"]
[BlackElo "1206"]
[PlyCount "59"]
[EventDate "2018.08.02"]
[EventType "swiss"]
[EventRounds "7"]
[EventCountry "SVK"]
[SourceTitle "CBM 185 Extra"]
[Source "ChessBase"]
[SourceDate "2018.07.29"]
[SourceVersion "1"]
[SourceVersionDate "2018.07.29"]
[SourceQuality "1"]

1. e4 e5 2. Nf3 Nc6 3. Bc4 Bc5 4. 0-0 d6 5. h3 Nge7 6. Ng5 0-0 7. Qh5 h6 8. Nxf7 Rxf7 9. Qxf7+ Kh8 10. d3 Ng8 11. Qxg8+ Qxg8 12. Bxg8 Kxg8 13. Be3 Nd4 14. Bxd4 Bxd4 15. c3 Bb6 16. a4 c6 17. Nd2 Be6 18. a5 Bc7 19. f4 d5 20. fxe5 Bxe5 21. d4 Bf6 22. e5 Bg5 23. Nb3 Rb8 24. Nc5 Bc8 25. b4 a6 26. Rf3 g6 27. g4 Be7 28. Raf1 Bxc5 29. bxc5 Be6 30. Rf6 1-0